| 000 | 00000nam 2200000zi 4500 |
| 001 | 9.922257 |
| 003 | CaOODSP |
| 005 | 20230504101617 |
| 006 | m o d f |
| 007 | cr |n||||||||| |
| 008 | 230504t19971997onc o f000 0 fre d |
| 020 | |z0662630394 |
| 040 | |aCaOODSP|bfre|erda|cCaOODSP |
| 043 | |an-cn--- |
| 086 | 1 |aC2-320/1997F-PDF|zC2-320/1997 |
| 245 | 00|aParlons pylônes : |bles radiocommunications au Canada. |
| 264 | 1|a[Ottawa] : |bIndustrie Canada = Industry Canada, |c[1997] |
| 264 | 4|c©1997 |
| 300 | |a1 ressource en ligne (5 pages non numérotées) |
| 336 | |atexte|btxt|2rdacontent/fre |
| 337 | |ainformatique|bc|2rdamedia/fre |
| 338 | |aressource en ligne|bcr|2rdacarrier/fre |
| 500 | |aÉdition numérisée de l'imprimé [par Innovation, Sciences et Développement économique Canada]. |
| 500 | |aPublié aussi en anglais sous le titre : Let's talk towers : radiocommunications in Canada. |
| 650 | 6|aPylônes d'antenne|zCanada. |
| 650 | 6|aRadio|zCanada|xAntennes. |
| 650 | 6|aTélécommunications|zCanada. |
| 710 | 1 |aCanada. |bIndustrie Canada, |eorganisme de publication. |
| 775 | 08|tLet's talk towers : |w(CaOODSP)9.922256 |
| 856 | 40|qPDF|s704 Ko|uhttps://publications.gc.ca/collections/collection_2023/isde-ised/c2/C2-320-1997-fra.pdf |